Đọc hiểu và các kỹ năng đọc hiểu tiếng Anh

Сохранить в:
Библиографические подробности
Главный автор: Blake, Kathryn A
Формат:
Язык:Vietnamese
Опубликовано: Thanh niên 2003
Метки: Добавить метку
Нет меток, Требуется 1-ая метка записи!
Thư viện lưu trữ: Mạng thư viện Đại học Đà Nẵng
LEADER 00733nam a2200265 4500
001 000020927
003 17374
005 20150331150344.0
008 150330s2003 viesd
020 |c 32000 
041 0 |a vie 
082 1 4 |a 428.4  |b BL-K 
100 1 |a Blake, Kathryn A 
245 1 0 |a Đọc hiểu và các kỹ năng đọc hiểu tiếng Anh  |c Kathryn A. Blake 
246 |a College reading skills : Advanced level : a programmed self-study course 
260 |b Thanh niên  |c 2003 
300 |a tr.  |c cm. 
OWN |a LSP 
999 |a From the UDN01 
TYP |a Monograph 
TYP |a Printed language 
980 |a Mạng thư viện Đại học Đà Nẵng